| 000 | 00421nam a22001457a 4500 | ||
|---|---|---|---|
| 020 | _a9814126683 | ||
| 040 | _cnust | ||
| 082 |
_2Sixth Edition _a621.4021 _bSON |
||
| 100 |
_aSonntag E. _9122590 |
||
| 110 |
_aRichard, Borgnakke Claus _9122591 |
||
| 245 | _aFundamentals of Thermodynamics | ||
| 260 |
_aSingapore: _bJohn Wiley and Sons, inc, _c2003. |
||
| 650 |
_aFundamentals of Thermodynamics _980061 |
||
| 942 |
_2ddc _cBK |
||
| 999 |
_c609044 _d609044 |
||